000
00307nam a22001337a 4500
008
171017b xxu||||| |||| 00| 0 eng d
020
_a
9780538870757
041
_a
eng
080
_2
11TH
_a
331.101.262
100
_a
52
101
_a
BNJ
245
_a
MANAGING HUMAN RESOURCES
_c
SHERMAN,A
942
_2
udc
_c
BK
999
_c
34351
_d
34351